50 Registi italiani dai loro film - Statistics

Statistiche generali
  • Questo quiz è stato fatto 141 volte
  • Il punteggio medio è 24 su 50
Statistiche sulle risposte
Anno di nascita Film Regista % Corretto
1920 Federico Fellini
95%
1952 La vita è bella Roberto Benigni
90%
1901 Ladri di biciclette Vittorio De Sica
86%
1928 Il buono, il brutto, il cattivo Sergio Leone
83%
1940 Suspiria Dario Argento
82%
1922 Salò o le 120 giornate di Sodoma Pier Paolo Pasolini
77%
1950 Bianco, rosso e Verdone Carlo Verdone
76%
1950 La grande bellezza Paolo Sorrentino
74%
1956 Nuovo Cinema Paradiso Giuseppe Tornatore
73%
1906 Il Gattopardo Luchino Visconti
70%
1941 Ultimo Tango a Parigi Bernardo Bertolucci
69%
1906 Roma città aperta Roberto Rossellini
67%
1950 Mediterraneo Gabriele Salvatores
64%
1915 I soliti ignoti Mario Monicelli
62%
1953 Ricomincio da tre Massimo Troisi
62%
1912 Blow-Up Michelangelo Antonioni
61%
1965 Il ciclone Leonardo Pieraccioni
58%
1953 La stanza del figlio Nanni Moretti
54%
1968 Gomorra Matteo Garrone
52%
1931 Una giornata particolare Ettore Scola
51%
1967 La ricerca della Felicità Gabriele Muccino
51%
1931 L'albero degli zoccoli Ermanno Olmi
50%
1971 Chiamami col tuo nome Luca Guadagnino
50%
1939 Il traditore Marco Bellocchio
50%
1938 La casa delle finestre che ridono Pupi Avati
50%
1964 Il capitale umano Paolo Virzì
48%
1929 Indagine su un cittadino al di sopra di ogni sospetto Elio Petri
44%
1927 La maschera del Demonio Mario Bava
43%
1928 Pasqualino Settebellezze Lina Wertmüller
41%
1923 Romeo e Giulietta Franco Zeffirelli
40%
1953 Perfetti sconosciuti Paolo Genovese
39%
1914 Divorzio all’italiana Pietro Germi
37%
1945 Il ladro di bambini Gianni Amelio
34%
1927 …E tu vivrai nel terrore! L'aldilà Lucio Fulci
34%
1979 Lo chiamavano Jeeg Robot Gabriele Mainetti
30%
1927 Django Sergio Corbucci
30%
1928 La grande bouffe Marco Ferreri
29%
1950 Fantozzi contro tutti Neri Parenti
28%
1968 Notte prima degli esami Fausto Brizzi
27%
1952 Quo Vado? Gennaro Nunziante
26%
1933 Caligola Tinto Brass
25%
1922 Salvatore Giuliano Francesco Rosi
24%
1981 Lazzaro felice Alice Rohrwacher
23%
1981 Smetto quando voglio Sydney Sibilia
23%
1973 Fabbricante di lacrime Alessandro Genovesi
21%
1926 Il deserto dei Tartari Valerio Zurlini
20%
1914 Luci del varietà Alberto Lattuada
16%
1960 La scuola Daniele Luchetti
15%
1967 Benvenuti al Sud Luca Miniero
12%
1930 Sacco e Vanzetti Giuliano Montaldo
11%
Nessun quiz corrispondente trovato
Distribuzione punteggi
Percentuale di utenti per punteggio
Percentile per numero di risposta
I tuoi punteggi nel tempo
Non hai fatto questo quiz